Statistieken voor Guess the Taylor Swift song by Emoji

Klik hier om de quiz te nemen!

Algemene statistieken

  • Deze quiz is 55 keer genomen
  • De gemiddelde score is 8 van 16

Antwoordstatistieken

HintAntwoord% Correct
🔴red
92%
👎🩸bad blood
88%
2️⃣2️⃣22
83%
🍀1️⃣the lucky one
75%
👨the man
67%
⚪🐴white horse
67%
👋👋👶bye bye baby
60%
😢🎸teardrops on my guitar
54%
🕛☔midnight rain
52%
💎bejeweled
50%
❌🦸‍♀️anti-hero
42%
⚡✈sparks fly
23%
👀📂eyes open
15%
🚩🌎a place in this world
8%
😱<fearless
8%
❌📈⬆never grow up
6%

Scoreverdeling

Percentiel versus Aantal Correcte Antwoorden

Procent van Mensen met Elke Score

Uw Scoregeschiedenis

U heeft deze quiz nog niet genomen